000 00684 a2200181 4500
010 _aENG-88818
020 _c225.00
035 _aEN-72351
037 _bDBAD / PUB
082 1 4 _a000
090 _c9447
_d9447
245 1 _aDisha's target AIEEE 2002-07:
_bnew syllabus covers all practicals & experiments/
260 _aNew Delhi
_bDisha Publications
_c2008
270 _aB-32, Basemant, Shivalik Main Road, Malviya Nagar,
_bNew Delhi
_e110 017
_maiets@rediffmail.com
_k011-26691021, 011-26691713
300 _avarious pagings
_c25 cm. (Pbk).
942 _adpl
_cEN
_k000 / DIS
999 _c9274
_d9274